Manual of acute orthopaedic therapeutics / (Record no. 4076)
[ view plain ]
| 000 -LEADER | |
|---|---|
| fixed length control field | 00805pam a2200241 a 4500 |
| 001 - CONTROL NUMBER | |
| control field | 3487164 |
| 005 - DATE AND TIME OF LATEST TRANSACTION | |
| control field | 20250221200025.0 |
| 008 - FIXED-LENGTH DATA ELEMENTS--GENERAL INFORMATION | |
| fixed length control field | 940624s1995 maua bf 001 0 eng c |
| 020 ## - INTERNATIONAL STANDARD BOOK NUMBER | |
| International Standard Book Number | 9780316434393 |
| 050 00 - LIBRARY OF CONGRESS CALL NUMBER | |
| Classification number | RD732.5 |
| Item number | .I96 1995 |
| 082 00 - DEWEY DECIMAL CLASSIFICATION NUMBER | |
| Classification number | 617.3 |
| Edition information | 20 |
| 100 1# - MAIN ENTRY--PERSONAL NAME | |
| Personal name | Iversen, Larry D. |
| 245 10 - TITLE STATEMENT | |
| Title | Manual of acute orthopaedic therapeutics / |
| Statement of responsibility, etc. | Larry D. Iversen, Marc F. Swiontkowski. |
| 250 ## - EDITION STATEMENT | |
| Edition statement | 4th ed. |
| 260 ## - PUBLICATION, DISTRIBUTION, ETC. | |
| Place of publication, distribution, etc. | Boston : |
| Name of publisher, distributor, etc. | Little, Brown and Company |
| Date of publication, distribution, etc. | c1995. |
| 300 ## - PHYSICAL DESCRIPTION | |
| Extent | vii, 351 p. : |
| Other physical details | ill. ; |
| Dimensions | 22 cm. |
| 650 #0 - SUBJECT ADDED ENTRY--TOPICAL TERM | |
| Topical term or geographic name entry element | Orthopedics |
| General subdivision | Handbooks, manuals, etc. |
| 650 #0 - SUBJECT ADDED ENTRY--TOPICAL TERM | |
| Topical term or geographic name entry element | Musculoskeletal system |
| General subdivision | Wounds and injuries |
| -- | Handbooks, manuals, etc. |
| 650 #0 - SUBJECT ADDED ENTRY--TOPICAL TERM | |
| Topical term or geographic name entry element | Fractures |
| General subdivision | Handbooks, manuals, etc. |
| 650 #2 - SUBJECT ADDED ENTRY--TOPICAL TERM | |
| Topical term or geographic name entry element | Orthopedics. |
| 700 1# - ADDED ENTRY--PERSONAL NAME | |
| Personal name | Swiontkowski, Marc F. |
| 942 ## - ADDED ENTRY ELEMENTS (KOHA) | |
| Source of classification or shelving scheme | Library of Congress Classification |
| Koha item type | Books |
| Edition | 4th ed. |
| Suppress in OPAC | No |
| 999 ## - | |
| -- | 4076 |
| -- | 4076 |
| Withdrawn status | Lost status | Source of classification or shelving scheme | Damaged status | Not for loan | Collection | Home library | Current library | Shelving location | Date acquired | Total checkouts | Full call number | Barcode | Date last seen | Copy number | Price effective from | Koha item type |
|---|---|---|---|---|---|---|---|---|---|---|---|---|---|---|---|---|
| Library of Congress Classification | Non-fiction | Science Library (Miotso) | Science Library (Miotso) | General stacks | 02/21/2025 | RD732.5 .I96 IVE | SLM00003544 | 02/21/2025 | 1 | 02/21/2025 | Books |